Responses for Show #3707 - Tuesday, October 17, 2000

Contestants

[<< previous game]

Seth Kotok, an assistant cameraman originally from Omaha, Nebraska

Annie Bienvenue, a high school history teacher from Lowell, Massachusetts

Pat Burghardt, a computer analyst from Cincinnati, Ohio (whose 1-day cash winnings total $8,400)

[next game >>]

Jeopardy! Round responses

MADE IN JAPAN
TODD McFARLANE FIGURINES
WOMEN'S RITES
NOTABLES RHYME TIME
EVERYTHING'S COMING UP
MOSES
    $100 1
a yen

Annie
    $100 16
Freddy Krueger

Seth
    $100 2
a baby shower

Annie
    $100 5
Frank's tanks

Pat
    $100 9
January 20, 2001

Seth
    $100 11
Grandma Moses

Annie
    $200 21
(Seth: What is tofu?)

rice

PatSeth
    $200 17
Janis Joplin

Annie
    $200 3
a debutante party (or coming out party)

Annie
    $200 6
Rita's pitas

Annie
    $200 10
December 31, 2000

Seth
    $200 12
Mount Sinai

Seth
    $300 22
Mount Fuji

Pat
    $300 18
Michael Myers (Mike Myers)

Triple Stumper
    $300 4
15

Pat
    $300 25
Bill's thrills

Annie
    $300 28
2002

Seth
    $400 13
Harriet Tubman

Seth
    $400 23
bamboo

Seth
    $400 19
Where the Wild Things Are

Pat
    $400 7
Dionysus

Seth
    $400 26
Cher's bears

Annie
    $400 29
Amy Carter

Annie
    $400 14
Charlton Heston

Annie
    $500 24
(Annie: What are sandals?)
...
(Alex: A minute to go.)

chopsticks

PatAnnie
    $500 20
(Alex: And we want to thank Todd McFarlane for providing us with those figurines.)

Alice Cooper

Seth
    $500 8
(Seth: What is the Million Man March?)

the Million Woman March

AnnieSeth
    $500 27
Mark's arks

Pat
    $500 30
(Annie: Who are the Raptors?)
...
(Alex: The Raptors are basketball in Toronto, far away from Tampa Bay!)

the Tampa Bay Buccaneers

PatAnnie
    $500 15
(Alex: We'll take a break and I'll go and fix my dentures!)

Edwin Moses

Seth

Scores at the first commercial break (after clue 15):

Pat Annie Seth
$400 $1,600 $1,300

Scores at the end of the Jeopardy! Round:

Pat Annie Seth
$2,800 $1,900 $2,400

Double Jeopardy! Round responses

GILBERT & SULLIVAN
THE SPORT PLAYED
HISTORIC HEROES
ANIMANIA
GET A JOB
"OK"
    $200 21
overtures

Pat
    $200 6
golf

Annie
    $200 1
Spain

Seth
    $200 23
Africa

Pat
    $200 11
a valet

Seth
    $200 16
Oklahoma

Annie
    $400 22
MIT

Annie
    $400 7
(Annie: What is basketball?)

football

PatAnnie
    $400 2
Alexander Nevsky

Pat
    $400 24
(Seth: What is a cobra?)

a sidewinder

PatSeth
    $400 12
a curator

Annie
    $400 17
okra

Annie
    $600 28
H.M.S. Pinafore

Triple Stumper
    $600 8
basketball

Annie
    $600 3
the Goths

Pat
    $600 25
a pygmy hippo

Annie
    $1,500 13
a mortician

Annie
    $600 18
Okinawa

Seth
    $800 29
Kukla, Fran & Ollie

Annie
    $800 9
tennis

Seth
    $800 4
(Pat: Who is Davy Crockett?)

William Travis

Pat
Triple Stumper
    $2,000 26
(Annie: What is a guinea pig?)
...
(Alex: Less than a minute to go.)

a hamster

Annie
    $800 14
a keypunch (or a punch card operator)

Pat
    $800 19
Oksana Baiul

Pat
    $1000 30
the Savoy (hence the Savoyards)

Triple Stumper
    $1000 10
hockey

Seth
    $1000 5
(Annie: Who is James Meredith?)

(1 of) James Chaney, Andrew Goodman & Michael Schwerner

Annie
Triple Stumper
    $1000 27
an octopus

Triple Stumper
    $1000 15
(Pat: What is thesaurus?)
...
(Pat: "OK" for $200.)
(Alex: Okay, what? Oh, the category--I nearly forgot!)

a lexicographer

Pat
Triple Stumper
    $1000 20
an okapi

Pat

Scores at the end of the Double Jeopardy! Round:

Pat Annie Seth
$5,800 $3,600 $4,800

[wagering suggestions for these scores]

Final Jeopardy! Round responses

ACTORS & ACTRESSES
AnnieWho is Tom Hanks
$3,600
SethWho is Tom Hanks?
$4,799
PatWho is Tom Hanks?
$3,801
Tom Hanks

Final scores:

Pat Annie Seth
$9,601 $7,200 $9,599
2-day champion: $18,001 3rd place: MyPoints.com shopping spree 2nd place: Eagleriders Western U.S. motorcycle trip

Game dynamics:

Coryat scores:

Pat Annie Seth
$5,800 $4,700 $4,700
17 R,
2 W
20 R
(including 1 DD),
5 W
(including 1 DD)
15 R
(including 1 DD),
3 W

Combined Coryat: $15,200

[game clues] [game scores] [suggest correction]

Game tape date: 2000-08-31
The J! Archive is created by fans, for fans. Scraping, republication, monetization, and malicious use prohibited; this site may use cookies and collect identifying information. See terms. The Jeopardy! game show and all elements thereof, including but not limited to copyright and trademark thereto, are the property of Jeopardy Productions, Inc. and are protected under law. This website is not affiliated with, sponsored by, or operated by Jeopardy Productions, Inc. Join the discussion at JBoard.tv.